000 01936cpcaa2200397 4500
001 mm 70052704
003 DLC
005 20260227111613.0
007 cr |||||||||||
008 730514|||||||||||| eng
010 _amm 70052704
_bms 68002005
040 _aDLC
_cDLC
_edacs
_dDLC
072 7 _aR
_2lcmd
100 1 _aBelknap, Reginald Rowan,
_d1871-1959.
245 0 0 _aReginald Rowan Belknap papers,
_f1784-1929
_g(bulk 1900-1929).
300 _a7,100
_fitems.
300 _a23
_fcontainers.
300 _a9
_flinear ft.
351 _aArranged in two series. Series 1: Correspondence, 1882-1929; and Series 2: Miscellany, 1784-1928.
506 0 _aOpen to research.
520 8 _aCorrespondence, financial and legal records, printed matter, photographs and other papers. Primarily correspondence between Belknap and his wife, Julia P. Averill Belknap, and other family members pertaining to personal and social matters. Includes writings concerning his wife's experiences as a bride in East Asia at the turn of the twentieth century.
545 0 _aNaval officer.
546 _aCollection material in English.
555 8 _aFinding aid available in the Library of Congress Manuscript Reading Room and at
_uhttp://hdl.loc.gov/loc.mss/eadmss.ms010051
580 _aForms part of: Naval Historical Foundation collection.
600 1 0 _aBelknap, Julia P. Averill.
600 1 0 _aBelknap, Julia P. Averill
_vCorrespondence.
600 3 0 _aBelknap family.
650 0 _aAmericans
_zEast Asia.
656 7 _aNaval officers.
_2itoamc
856 4 _3Finding aid
_uhttp://hdl.loc.gov/loc.mss/eadmss.ms010051
856 4 _3Finding aid (PDF)
_uhttp://hdl.loc.gov/loc.mss/eadmss.ms010051.3
999 _c39184
_d39184